Textbook of periodontics

Gardado en:
Detalles Bibliográficos
Autor Principal: BATHLA, Shalu
Formato: Libro
Idioma:inglés
Publicado: The Health Sciences Publisher 2017
Tags: Engadir etiqueta
Sen Etiquetas, Sexa o primeiro en etiquetar este rexistro!

MARC

LEADER 00000nam a22000007a 4500
008 201217b ||||| |||| 00| 0 eng d
020 |a  978-93-86261-73-1 
100 |a BATHLA, Shalu 
245 |a Textbook of periodontics  |c Shalu Bathla  |g viii, 795p.; ill 
260 |b The Health Sciences Publisher  |c  2017  |h New Delhi  |i 685076  |l RK361 .B32   |m Periodontics  |m Periodontics diseases 
500 |a It includes bibliographies and index 
942 |a lcc  |c BK  |e ADEYEYE Y. S.  |f 17/12/2020 
952 |0 0  |1 0  |2 lcc  |4 0  |6 RK0361 B32  |7 0  |9 682  |a HOL  |b HOL  |c QZ  |d 2020-12-17  |l 0  |o RK361 .B32  |p 2020-22999  |r 2020-12-17 00:00:00  |w 2020-12-17  |y BK 
999 |c 382  |d 382